<?xml version="1.0" encoding="UTF-8"?>
<record
    xmlns:xsi="http://www.w3.org/2001/XMLSchema-instance"
    xsi:schemaLocation="http://www.loc.gov/MARC21/slim http://www.loc.gov/standards/marcxml/schema/MARC21slim.xsd"
    xmlns="http://www.loc.gov/MARC21/slim">

  <leader>01065nam a22001937a 4500</leader>
  <controlfield tag="005">20120215115238.0</controlfield>
  <datafield tag="020" ind1=" " ind2=" ">
    <subfield code="a">9788181468277</subfield>
    <subfield code="c">95.00</subfield>
  </datafield>
  <datafield tag="082" ind1=" " ind2=" ">
    <subfield code="a">&#x915;</subfield>
  </datafield>
  <datafield tag="100" ind1=" " ind2=" ">
    <subfield code="a">&#x938;&#x94C;&#x92E;&#x94D;&#x92F;&#x93E; &#x930;&#x93E;&#x91C;&#x947;&#x928;&#x94D;&#x926;&#x94D;&#x930;&#x928;</subfield>
    <subfield code="9">42074</subfield>
  </datafield>
  <datafield tag="245" ind1=" " ind2=" ">
    <subfield code="a">&#x938;&#x94D;&#x915;&#x942;&#x932; &#x939;&#x948; &#x92E;&#x938;&#x94D;&#x924; /</subfield>
    <subfield code="c">&#x938;&#x94C;&#x92E;&#x94D;&#x92F;&#x93E; &#x930;&#x93E;&#x91C;&#x947;&#x928;&#x94D;&#x926;&#x94D;&#x930;&#x928;;&#x915;&#x93E;&#x902;&#x91A;&#x94B;&#x928; &#x92E;&#x93F;&#x924;&#x94D;&#x930;&#x93E; &#x926;&#x94D;&#x935;&#x93E;&#x930;&#x93E; &#x91A;&#x93F;&#x924;&#x94D;&#x930;&#x93E;&#x902;&#x915;&#x93F;&#x924;;&#x938;&#x941;&#x937;&#x92E;&#x93E; &#x926;&#x94D;&#x935;&#x93E;&#x930;&#x93E; &#x905;&#x928;&#x941;&#x926;&#x93F;&#x924;</subfield>
  </datafield>
  <datafield tag="260" ind1=" " ind2=" ">
    <subfield code="a">&#x91A;&#x948;&#x928;&#x94D;&#x928;&#x908;</subfield>
    <subfield code="b">&#x924;&#x942;&#x932;&#x93F;&#x915;&#x93E; &#x92A;&#x92C;&#x94D;&#x932;&#x93F;&#x936;&#x93F;&#x902;&#x917;</subfield>
    <subfield code="c">2010</subfield>
  </datafield>
  <datafield tag="270" ind1=" " ind2=" ">
    <subfield code="a">13, &#x92A;&#x943;&#x925;&#x94D;&#x935;&#x940; &#x910;&#x935;&#x928;&#x94D;&#x92F;&#x941;,&#x905;&#x92D;&#x93F;&#x930;&#x92E;&#x92A;&#x941;&#x930;&#x92E;</subfield>
    <subfield code="b">&#x91A;&#x948;&#x928;&#x94D;&#x928;&#x908;</subfield>
    <subfield code="e">600018</subfield>
  </datafield>
  <datafield tag="300" ind1=" " ind2=" ">
    <subfield code="a">&#x905;.&#x92A;&#x943;</subfield>
    <subfield code="b">&#x938;&#x91A;&#x93F;&#x924;&#x94D;&#x930;</subfield>
    <subfield code="c">18&#x938;&#x947;&#x92E;&#x940; (&#x905;&#x91C;&#x93F;&#x932;&#x94D;&#x926;)</subfield>
  </datafield>
  <datafield tag="700" ind1=" " ind2=" ">
    <subfield code="a">&#x92E;&#x93F;&#x924;&#x94D;&#x930;&#x93E;, &#x915;&#x93E;&#x902;&#x91A;&#x94B;&#x928;</subfield>
    <subfield code="9">42026</subfield>
  </datafield>
  <datafield tag="700" ind1=" " ind2=" ">
    <subfield code="9">42032</subfield>
    <subfield code="a">&#x938;&#x941;&#x937;&#x92E;&#x93E;</subfield>
  </datafield>
  <datafield tag="700" ind1=" " ind2=" ">
    <subfield code="9">42037</subfield>
  </datafield>
  <datafield tag="942" ind1=" " ind2=" ">
    <subfield code="2">ddc</subfield>
    <subfield code="c">CH</subfield>
    <subfield code="h">&#x915;</subfield>
    <subfield code="m">&#x938;&#x94C;&#x92E;&#x94D;&#x92F;&#x93E;&#x930;&#x93E;</subfield>
  </datafield>
  <datafield tag="999" ind1=" " ind2=" ">
    <subfield code="c">62832</subfield>
    <subfield code="d">62832</subfield>
  </datafield>
  <datafield tag="952" ind1=" " ind2=" ">
    <subfield code="0">0</subfield>
    <subfield code="1">0</subfield>
    <subfield code="4">0</subfield>
    <subfield code="7">-1</subfield>
    <subfield code="a">AG</subfield>
    <subfield code="b">AG</subfield>
    <subfield code="d">2012-02-15</subfield>
    <subfield code="g">95.00</subfield>
    <subfield code="l">0</subfield>
    <subfield code="o">&#x915; &#x938;&#x94C;&#x92E;&#x94D;&#x92F;&#x93E;&#x930;&#x93E;</subfield>
    <subfield code="r">2012-02-15 00:00:00</subfield>
    <subfield code="v">95.00</subfield>
    <subfield code="w">2012-02-15</subfield>
    <subfield code="y">CH</subfield>
  </datafield>
</record>
